000 00319nam a2200121Ia 4500
008 240624s9999 xx 000 0 und d
041 _aeng
082 _a650.0973 BRO
100 _aBROOKS JOHN
245 _aBUSINESS ADVENTURES TWELVE CLASSIC TALES
260 _c2014
_aworld of wall street
_bOpen Road Media
365 _c
999 _c22912
_d22912